[Event "London Classic Open 2016"]
[Site "London ENG"]
[Date "2016.12.15"]
[Round "8.78"]
[White "Peters, Stephen G"]
[Black "Pollack, Oscar"]
[Result "0-1"]
[WhiteElo "2128"]
[BlackElo "1985"]
[WhiteFideId "406040"]
[BlackFideId "429414"]
[EventDate "2016.12.09"]

1. d4 Nf6 2. c4 g6 3. Nc3 Bg7 4. e4 d6 5. Nf3 O-O 6. Be2 e5 7. O-O Nc6 8. d5 Ne7
9. Ne1 Ne8 10. Nd3 f5 11. f4 c6 12. Kh1 Kh8 13. fxe5 dxe5 14. exf5 gxf5 15. Bg5
Qc7 16. Qd2 Nf6 17. Nxe5 Qxe5 18. Bf4 Ne4 19. Nxe4 Qxe4 20. d6 Ng6 21. Bg5 Bd7
22. Rad1 f4 23. b3 Rae8 24. Bf3 Qf5 25. h4 h6 26. g4 Qc5 27. Qc2 hxg5 28. Qxg6
Re6 29. Qxg5 Qxg5 30. hxg5 Be5 31. c5 Rg8 32. Be4 Rxg5 33. Bf3 0-1

[Event "London Classic Open 2016"]
[Site "London ENG"]
[Date "2016.12.15"]
[Round "8.79"]
[White "Stolarczyk, Anna"]
[Black "Gollain, Marc"]
[Result "0-1"]
[WhiteTitle "WCM"]
[WhiteElo "1992"]
[BlackElo "2122"]
[WhiteFideId "1126423"]
[BlackFideId "603546"]
[EventDate "2016.12.09"]

1. d4 Nf6 2. c4 e6 3. Nf3 c5 4. Nc3 cxd4 5. Nxd4 Bb4 6. Qc2 Qb6 7. e3 Nc6 8. Nf3
O-O 9. Bd2 d5 10. a3 Be7 11. Be2 dxc4 12. Bxc4 Bd7 13. O-O Rac8 14. Ba2 Rfd8 15.
Rfd1 Bf8 16. Rac1 Be8 17. Qb1 Na5 18. Ne4 Nxe4 19. Bxa5 Qxa5 20. Qxe4 Rxd1+ 21.
Rxd1 Qa4 22. Qd4 Be7 23. Rb1 Bf6 24. Qd3 Qc2 25. Qb3 Qxb1+ 0-1

[Event "London Classic Open 2016"]
[Site "London ENG"]
[Date "2016.12.15"]
[Round "8.81"]
[White "Stefanetti, Marco"]
[Black "French, Max"]
[Result "1-0"]
[WhiteElo "2093"]
[BlackElo "1962"]
[WhiteFideId "815179"]
[BlackFideId "426652"]
[EventDate "2016.12.09"]

1. e4 c6 2. c4 d5 3. cxd5 cxd5 4. exd5 Nf6 5. Qa4+ Nbd7 6. Nc3 g6 7. Nf3 Bg7 8.
Bc4 O-O 9. d3 a6 10. Qa3 b6 11. O-O Bb7 12. Re1 Re8 13. d6 exd6 14. Bg5 Rxe1+
15. Rxe1 Bxf3 16. gxf3 b5 17. Bd5 b4 18. Qxb4 Nxd5 19. Qg4 Bf6 20. Nxd5 Bxg5 21.
f4 Bf6 22. Qxd7 Bxb2 23. Re7 Qxd7 24. Rxd7 Re8 25. Rxd6 Re6 26. Rxe6 fxe6 27.
Nc7 Kf7 28. Nxa6 Bc1 29. Kg2 Bxf4 30. Nc5 Bd6 31. Ne4 Bb4 32. Kf3 h6 33. Ke3 e5
34. Nd2 Ke6 35. Nc4 Kd5 36. f3 Bc5+ 37. Ke2 Kd4 38. a4 g5 39. h3 h5 40. Nd2 Be7
41. a5 Kc5 42. Nc4 Kd4 43. a6 Bc5 44. Nd6 g4 45. fxg4 hxg4 46. hxg4 Kd5 47. Nb5
e4 48. d4 Bb6 49. Ke3 Kc6 50. a7 Kb7 51. Kxe4 Bd8 52. Kf5 Be7 53. g5 1-0

[Event "London Classic Open 2016"]
[Site "London ENG"]
[Date "2016.12.15"]
[Round "8.82"]
[White "Jyothilal, N."]
[Black "Sucikova, Svetlana"]
[Result "0-1"]
[BlackTitle "WFM"]
[WhiteElo "1985"]
[BlackElo "2083"]
[WhiteFideId "5002605"]
[BlackFideId "14923653"]
[EventDate "2016.12.09"]

1. d4 d5 2. Nf3 Nf6 3. c4 e6 4. g3 c6 5. Bg2 Be7 6. O-O O-O 7. Qc2 b6 8. Rd1 Bb7
9. Nbd2 Nbd7 10. e4 dxe4 11. Nxe4 Nxe4 12. Qxe4 Nf6 13. Qc2 Qc8 14. c5 Rd8 15.
Bg5 h6 16. Bxf6 Bxf6 17. Ne5 Qc7 18. Qc3 Rac8 19. f4 g6 20. Rac1 b5 21. Be4 a5
22. Qe3 Re8 23. Re1 Rcd8 24. Rcd1 b4 25. Bf3 Re7 26. Kg2 Qc8 27. Qe4 Rc7 28. Bg4
Ba6 29. b3 Bxe5 30. dxe5 Rd5 31. Qc2 Rcd7 32. Bf3 Rd3 33. Be4 Rc3 34. Qf2 Bd3
35. Bf3 Rc2 0-1

[Event "London Classic Open 2016"]
[Site "London ENG"]
[Date "2016.12.15"]
[Round "8.83"]
[White "Mitra, Roman C"]
[Black "McKerracher, Douglas"]
[Result "1-0"]
[WhiteElo "2083"]
[BlackElo "1962"]
[WhiteFideId "419540"]
[BlackFideId "2401002"]
[EventDate "2016.12.09"]

1. e4 d5 2. exd5 Qxd5 3. Nc3 Qa5 4. d4 Nf6 5. Nf3 Bf5 6. Bc4 e6 7. O-O c6 8. Qe2
Be7 9. h3 Nbd7 10. a3 O-O 11. Ne5 Nxe5 12. dxe5 Nd7 13. f4 h6 14. Kh1 Rad8 15.
Be3 Qc7 16. a4 b6 17. Bg1 a5 18. Bh2 Bh7 19. g4 Nc5 20. f5 Qc8 21. f6 gxf6 22.
exf6 Bd6 23. Qd2 Kh8 24. Bxd6 Rg8 25. Qf4 Nxa4 26. Nxa4 b5 27. Bd3 1-0

[Event "London Classic Open 2016"]
[Site "London ENG"]
[Date "2016.12.15"]
[Round "8.84"]
[White "Vachtfeidl, Petr"]
[Black "Villiers, Thomas"]
[Result "0-1"]
[WhiteElo "1963"]
[BlackElo "2073"]
[WhiteFideId "315028"]
[BlackFideId "427209"]
[EventDate "2016.12.09"]

1. d4 e6 2. c4 Nf6 3. Nc3 d5 4. cxd5 exd5 5. Bg5 Be7 6. e3 O-O 7. Bd3 Nbd7 8.
Qc2 Re8 9. Nge2 c6 10. O-O Nf8 11. f3 Qa5 12. a3 Ng6 13. b4 Qb6 14. e4 dxe4 15.
fxe4 Bg4 16. Kh1 Bxe2 17. Nxe2 Ng4 18. Bd2 Rad8 19. Bc4 Nf6 20. Bg5 Rf8 21. Bxf6
Bxf6 22. e5 Bxe5 23. dxe5 Nxe5 24. h3 Qe3 25. Rad1 Rxd1 26. Rxd1 Qxa3 27. Ba2
Qxb4 28. Bb1 Ng6 29. Ng3 Re8 30. Nf5 a5 31. Nd6 Re1+ 0-1

[Event "London Classic Open 2016"]
[Site "London ENG"]
[Date "2016.12.15"]
[Round "8.85"]
[White "Dushyant, Sharma"]
[Black "Rocco, Federico"]
[Result "1-0"]
[WhiteElo "2066"]
[BlackElo "1927"]
[WhiteFideId "25065130"]
[BlackFideId "431362"]
[EventDate "2016.12.09"]

1. e4 c5 2. Nf3 d6 3. d4 cxd4 4. Nxd4 Nf6 5. Nc3 a6 6. Bg5 e6 7. f4 Be7 8. Qf3
Qc7 9. O-O-O Nbd7 10. g4 b5 11. Bxf6 Nxf6 12. g5 Nd7 13. f5 Bxg5+ 14. Kb1 Ne5
15. Qh5 Qe7 16. fxe6 g6 17. exf7+ Kf8 18. Qe2 Bg4 19. Qg2 Bxd1 20. Nxd1 Kxf7 21.
Nc3 Raf8 22. Nd5 Qd8 23. Be2 Re8 24. h4 Bxh4 25. a4 Nc4 26. Qg4 Bg5 27. Nc6 Qc8
28. Qxg5 Re6 29. Nd4 Kg7 30. Qh6+ Kf7 31. Rf1+ Ke8 32. Nxe6 Kd7 33. Nd4 1-0

[Event "London Classic Open 2016"]
[Site "London ENG"]
[Date "2016.12.15"]
[Round "8.86"]
[White "Jamroz, Krzysztof"]
[Black "Tirado Parra, Alberto"]
[Result "1-0"]
[WhiteElo "2045"]
[BlackElo "1908"]
[WhiteFideId "1111850"]
[BlackFideId "2265354"]
[EventDate "2016.12.09"]

1. e4 d6 2. d4 Nf6 3. Nc3 Nbd7 4. f4 e5 5. Nf3 c6 6. a4 a5 7. Bc4 Nb6 8. Bb3 d5
9. fxe5 Nxe4 10. Nxe4 dxe4 11. Ng5 Nd5 12. O-O Be6 13. Nxe6 fxe6 14. Qh5+ g6 15.
Qg4 Qd7 16. Qxe4 O-O-O 17. Bg5 Re8 18. c4 Nc7 19. Rad1 Bg7 20. Bd2 b6 21. Bg5
Rhf8 22. Rxf8 Rxf8 23. Be3 Rf5 24. Bc2 Rf8 25. Qh4 Qf7 26. Be4 Kb7 27. Qxh7 1-0

[Event "London Classic Open 2016"]
[Site "London ENG"]
[Date "2016.12.15"]
[Round "8.87"]
[White "Nunbhakdi, Tawin Matthew"]
[Black "Prior, Stephen C V"]
[Result "0-1"]
[WhiteElo "1923"]
[BlackElo "2043"]
[WhiteFideId "6203310"]
[BlackFideId "423378"]
[EventDate "2016.12.09"]

1. d4 Nf6 2. c4 e6 3. Nf3 Bb4+ 4. Nbd2 d6 5. a3 Bxd2+ 6. Qxd2 Nbd7 7. e3 Qe7 8.
Be2 a5 9. b3 e5 10. O-O O-O 11. Bb2 e4 12. Ne1 d5 13. Nc2 Re8 14. c5 c6 15. b4
a4 16. b5 Nf8 17. bxc6 bxc6 18. Bc3 Ng6 19. Rfb1 Nh4 20. Rb6 Qd7 21. f4 exf3 22.
Bxf3 Ne4 23. Qe1 Nxf3+ 24. gxf3 Ng5 25. Qe2 Qf5 26. Ne1 Re6 27. Rab1 h5 28. Rb8
Rxb8 29. Rxb8 Rg6 30. Kh1 Kh7 31. Rb2 Rf6 32. f4 Ne4 33. Bb4 Qh3 34. Qg2 Qxe3
35. Re2 Qxf4 36. Nd3 Qf1+ 37. Qxf1 Rxf1+ 38. Kg2 Rf6 39. Ne5 Ba6 40. Rb2 Bf1+
41. Kg1 Bh3 42. Rb1 Rf2 43. Nd3 Rg2+ 44. Kh1 Ra2 45. Ne5 f6 46. Nd3 Ng5 47. Rb2
Ra1+ 48. Ne1 Nf3 49. Re2 Nxd4 50. Re3 Bf5 51. Bc3 Rd1 52. Kg2 Be4+ 53. Kf2 g5 0-1

[Event "London Classic Open 2016"]
[Site "London ENG"]
[Date "2016.12.15"]
[Round "8.88"]
[White "Bird, Joel"]
[Black "Shepherd, Katherine M"]
[Result "1-0"]
[WhiteElo "2171"]
[BlackElo "1935"]
[WhiteFideId "429252"]
[BlackFideId "412031"]
[EventDate "2016.12.09"]

1. e4 e6 2. d4 d5 3. Nc3 dxe4 4. Nxe4 Nd7 5. Bd3 Ngf6 6. Qe2 Nxe4 7. Bxe4 Nf6 8.
Bxb7 Rb8 9. Bxc8 Qxc8 10. Nf3 c5 11. O-O cxd4 12. Nxd4 Bc5 13. Rd1 O-O 14. c3
Bxd4 15. Rxd4 Qb7 16. b3 Rbc8 17. c4 Rc5 18. Ba3 Rg5 19. f4 Qb6 20. Rd1 e5 21.
fxg5 exd4 22. gxf6 d3+ 23. Qf2 Re8 24. Qxb6 axb6 25. Rxd3 gxf6 26. Rd2 Kg7 27.
Kf2 1-0

[Event "London Classic Open 2016"]
[Site "London ENG"]
[Date "2016.12.15"]
[Round "8.89"]
[White "Newton, Andrew"]
[Black "Grassie, Duncan"]
[Result "1-0"]
[WhiteElo "1887"]
[BlackElo "2100"]
[WhiteFideId "2403285"]
[BlackFideId "411787"]
[EventDate "2016.12.09"]

1. d4 Nf6 2. c4 g6 3. Nc3 d5 4. Nf3 Bg7 5. Qb3 dxc4 6. Qxc4 O-O 7. e4 b6 8. e5
Be6 9. exf6 Bxc4 10. fxg7 Kxg7 11. Bxc4 Nc6 12. Bf4 Na5 13. Be2 Qd7 14. O-O f6
15. d5 c5 16. dxc6 Nxc6 17. Bb5 Rac8 18. Rad1 Qg4 19. Nd5 e6 20. Nc7 e5 21. h3
Qf5 22. Nh4 Qh5 23. Ne6+ Kh8 24. Nxf8 Nd4 25. Bd7 Ne2+ 26. Kh2 Rxf8 27. Bg4 Qxh4
28. g3 Qxg4 29. hxg4 exf4 30. Rfe1 f3 31. Rd3 Rc8 32. Rxf3 Rc2 33. Kg2 Rxb2 34.
Re3 Nd4 35. Re7 Rxa2 36. Rd1 Nc6 37. Rc7 Rc2 38. Re1 Kg8 39. Re8# 1-0

[Event "London Classic Open 2016"]
[Site "London ENG"]
[Date "2016.12.15"]
[Round "8.90"]
[White "Cohen, Ronnie"]
[Black "Mueller, Martin2"]
[Result "0-1"]
[WhiteElo "1903"]
[BlackElo "2088"]
[WhiteFideId "412082"]
[BlackFideId "4649974"]
[EventDate "2016.12.09"]

1. e4 c6 2. d4 d5 3. exd5 cxd5 4. Bd3 Nc6 5. c3 Qc7 6. Nf3 Nf6 7. O-O g6 8. Nbd2
Bg7 9. Re1 Bf5 10. Bf1 O-O 11. h3 a6 12. a4 Rab8 13. Nb3 Ne4 14. Nfd2 e5 15.
Nxe4 Bxe4 16. dxe5 Nxe5 17. Nd4 Nc6 18. Be3 Rfe8 19. Nxc6 bxc6 20. Qd2 a5 21.
Rac1 Qb7 22. f3 Bf5 23. Bf4 Qb6+ 24. Kh1 Ra8 25. Rxe8+ Rxe8 26. Re1 Be6 27. b4
Ra8 28. b5 cxb5 29. axb5 a4 30. Ra1 a3 31. Be3 Qa5 32. Bd4 Bf8 33. Qf4 Bg7 34.
b6 Bxd4 35. b7 Bxc3 36. b8=Q+ Rxb8 37. Qxb8+ Kg7 38. Ra2 d4 39. Bb5 d3 40. Rd2
a2 0-1

[Event "London Classic Open 2016"]
[Site "London ENG"]
[Date "2016.12.15"]
[Round "8.91"]
[White "Kuntner, Reinhard2"]
[Black "Alderson, John K A"]
[Result "0-1"]
[WhiteElo "2086"]
[BlackElo "1839"]
[WhiteFideId "1630555"]
[BlackFideId "422711"]
[EventDate "2016.12.09"]

1. c4 e5 2. d3 g6 3. g3 Bg7 4. Bg2 Ne7 5. e3 O-O 6. Ne2 c6 7. O-O d5 8. Qc2 Be6
9. b3 Qd7 10. Bb2 Bh3 11. Nd2 Bxg2 12. Kxg2 Na6 13. a3 Nc7 14. Rad1 Ne6 15. f4
Nf5 16. Rf3 d4 17. fxe5 Ng5 18. Rxf5 Qxf5 19. exd4 f6 20. e6 Qxe6 21. Nf4 Qd7
22. Ne4 Rae8 23. Rf1 Ne6 24. c5 Nxd4 25. Qc4+ Ne6 26. Nd6 Rf7 27. Nxe8 Nxf4+ 28.
Rxf4 Qxe8 29. Bxf6 Qe2+ 30. Rf2 Qe3 31. Bxg7 Qxf2+ 0-1

[Event "London Classic Open 2016"]
[Site "London ENG"]
[Date "2016.12.15"]
[Round "8.92"]
[White "Jekel, Wolfgang"]
[Black "Heuser, Philip"]
[Result "0-1"]
[WhiteElo "1790"]
[BlackElo "2081"]
[WhiteFideId "4690370"]
[BlackFideId "4654358"]
[EventDate "2016.12.09"]

1. f4 d5 2. Nf3 Bg4 3. e3 Nd7 4. d4 Ngf6 5. Nbd2 e6 6. Bd3 Bd6 7. O-O O-O 8. Qe1
Re8 9. Ne5 Bf5 10. e4 dxe4 11. Nxe4 Nxe4 12. Bxe4 Bxe4 13. Qxe4 c6 14. Nxd7 Qxd7
15. Bd2 Rad8 16. Rad1 c5 17. Bc3 Be7 18. Rd3 c4 19. Rh3 f5 20. Qe2 Bf6 21. Qxc4
Bxd4+ 22. Kh1 Qd5 23. Qxd4 Qxd4 24. Bxd4 Rxd4 25. Rhf3 e5 26. fxe5 Rxe5 27. Kg1
g6 28. g3 Kf7 29. R1f2 Ra5 30. Rc3 b6 31. a3 Rb5 32. b3 Rbd5 33. Rc7+ Rd7 34.
Rxd7+ Rxd7 35. Re2 Kf6 36. Kf2 Kg5 37. Kf3 Rc7 38. h4+ Kf6 39. c4 Rd7 40. Re3 h6
41. b4 g5 42. hxg5+ hxg5 43. Rc3 Rc7 44. Rc1 Ke5 45. Re1+ Kd4 46. Rd1+ Kc3 47.
Rd5 Rxc4 48. Rxf5 g4+ 49. Ke3 Kb3 50. Rf4 Rc3+ 51. Kd2 Rxg3 52. Ke2 Kxa3 53. Kd2
Rb3 54. Rf7 Kxb4 55. Rxa7 g3 56. Rg7 b5 57. Rg4+ Ka3 58. Kc1 b4 59. Rg8 Rc3+ 60.
Kd2 Kb2 61. Rg4 b3 62. Rg8 g2 63. Rg7 Rc1 0-1

[Event "London Classic Open 2016"]
[Site "London ENG"]
[Date "2016.12.15"]
[Round "8.93"]
[White "Johansson, Toni"]
[Black "Opasiak, Dustin Tennessee"]
[Result "1/2-1/2"]
[WhiteElo "2071"]
[BlackElo "1823"]
[WhiteFideId "1703269"]
[BlackFideId "24630217"]
[EventDate "2016.12.09"]

1. c4 e5 2. g3 Nc6 3. Bg2 Nf6 4. Nc3 Bb4 5. Nd5 a5 6. Nf3 O-O 7. O-O d6 8. d4
exd4 9. Nxd4 Nxd4 10. Qxd4 Nxd5 11. cxd5 Re8 12. e3 Bc5 13. Qc3 Qg5 14. b3 Qe5
15. Qxe5 Rxe5 16. Bb2 Re7 17. a3 Bd7 18. Rfc1 Rae8 19. b4 Bb6 20. Rc4 Bb5 21.
Rc3 Bd4 22. Rc2 Bd3 23. Rd2 Rxe3 24. Bxd4 Re1+ 25. Rxe1 Rxe1+ 26. Bf1 Bxf1 27.
f3 Bb5+ 28. Kf2 Rh1 29. Kg2 Re1 30. Kf2 Rf1+ 31. Ke3 Rb1 32. Rc2 Rb3+ 33. Kf4 c6
34. Rc3 Rxc3 35. Bxc3 axb4 36. axb4 f6 37. Ke3 Bc4 38. dxc6 bxc6 39. Kd4 Ba6 40.
Bd2 1/2-1/2

[Event "London Classic Open 2016"]
[Site "London ENG"]
[Date "2016.12.15"]
[Round "8.94"]
[White "Siddharth, Gopakumar"]
[Black "Ditmas, Hugh"]
[Result "1-0"]
[WhiteElo "1822"]
[BlackElo "2018"]
[WhiteFideId "5053463"]
[BlackFideId "1270666"]
[EventDate "2016.12.09"]

1. e4 c5 2. Nf3 Nc6 3. Bb5 e6 4. O-O Nge7 5. Re1 a6 6. Bf1 Ng6 7. c3 Be7 8. d4
cxd4 9. cxd4 d5 10. e5 O-O 11. g3 f6 12. exf6 Bxf6 13. Nc3 Rf7 14. Bg2 b5 15. a4
b4 16. Ne2 Bd7 17. h4 h6 18. h5 Nf8 19. Nf4 Qb6 20. Be3 Rc8 21. Rc1 Na5 22. b3
Rc3 23. Rb1 Bc8 24. Ne2 Rc6 25. Qd3 Bb7 26. Bf4 Re7 27. Ne5 Bxe5 28. Bxe5 Rc8
29. Rbc1 Rxc1 30. Rxc1 Nc6 31. Bd6 Rf7 32. Bc5 Qd8 33. Nf4 Qf6 34. Qe3 Na5 35.
Bxb4 Nc6 36. Bc3 a5 37. Re1 Nb4 38. Bxb4 axb4 39. Bh3 Bc8 40. Nxd5 exd5 41. Bxc8
Kh8 42. Bh3 Nh7 43. f4 Rf8 44. Rc1 Qa6 45. Bf1 Qa8 46. Bb5 Qa7 47. Qe5 Nf6 48.
Rc7 Qb6 49. g4 Rg8 50. Rc6 Qa7 51. g5 Ng4 52. Qxd5 Re8 53. Rc1 Qe7 54. Qf3 Rf8
55. Rd1 hxg5 56. Qxg4 Qe3+ 57. Kg2 gxf4 58. Qf3 Qe7 59. Bd3 Qg5+ 60. Kh3 Re8 61.
Kh2 Kg8 62. Bc4+ Kh7 63. Rg1 Qh4+ 64. Qh3 Qf6 65. Qg4 Kh8 66. Qg5 Qxd4 67. h6 g6
68. Qxg6 Qf2+ 69. Rg2 Qh4+ 70. Kg1 Qe1+ 71. Bf1 Qe3+ 72. Kh2 Qe5 73. Qg7+ Qxg7
74. hxg7+ 1-0

[Event "London Classic Open 2016"]
[Site "London ENG"]
[Date "2016.12.15"]
[Round "8.95"]
[White "Iyengar, Ilya"]
[Black "Dror, Levi"]
[Result "1-0"]
[WhiteElo "2008"]
[BlackElo "1698"]
[WhiteFideId "405949"]
[BlackFideId "2809583"]
[EventDate "2016.12.09"]

1. d4 Nf6 2. Nf3 g6 3. g3 Bg7 4. Bg2 d6 5. O-O O-O 6. c4 c6 7. Nc3 Na6 8. h3 Rb8
9. a3 Nc7 10. e4 Nfe8 11. Be3 a6 12. Rc1 f5 13. Re1 fxe4 14. Nxe4 Nf6 15. Nc3
Be6 16. d5 Bd7 17. Bb6 Re8 18. Qd2 Qc8 19. Ne4 Na8 20. Ba7 Bxh3 21. Bxb8 Bxg2
22. Kxg2 Qxb8 23. Nfg5 Nc7 24. Nxf6+ Bxf6 25. Ne6 Nxe6 26. Rxe6 c5 27. Rce1 Rf8
28. g4 g5 29. Rxe7 Bxe7 30. Rxe7 Rf4 31. Qc2 Rf7 32. Rxf7 1-0

[Event "London Classic Open 2016"]
[Site "London ENG"]
[Date "2016.12.15"]
[Round "8.96"]
[White "Saksham, Rautela"]
[Black "Nettleton, Charlie B"]
[Result "0-1"]
[WhiteElo "1768"]
[BlackElo "1963"]
[WhiteFideId "35046977"]
[BlackFideId "419710"]
[EventDate "2016.12.09"]

1. e4 c6 2. d4 d5 3. Nd2 dxe4 4. Nxe4 Nf6 5. Nxf6+ gxf6 6. Nf3 Bg4 7. Be2 e6 8.
Bf4 Bd6 9. Bxd6 Qxd6 10. Qd2 Nd7 11. O-O-O O-O-O 12. h3 Bh5 13. Qa5 Bxf3 14.
Bxf3 Kb8 15. Kb1 Nb6 16. Rhe1 Nc4 17. Qc3 Nb6 18. Qa5 f5 19. a3 h5 20. Qe5 Qxe5
21. dxe5 h4 22. b3 Kc7 23. c4 Rxd1+ 24. Bxd1 Rg8 25. Bf3 a5 26. a4 Nd7 27. Kc2
Nf8 28. Kd2 Nd7 29. Kc3 Rg5 30. Kd4 Nf8 31. Rc1 Ng6 32. Re1 Nf4 33. Rc1 c5+ 34.
Ke3 Ng6 35. Re1 f4+ 36. Kd2 Rxe5 37. Rxe5 Nxe5 38. Ke2 b6 39. Be4 Kd6 40. Ba8
Ke7 41. Bb7 Kf6 42. Ba8 Kf5 43. Bb7 Nd7 44. Ba8 Nf6 45. f3 Ke5 46. Bc6 Ng8 47.
Kd3 Ne7 48. Be4 Nc8 49. Bb7 Nd6 50. Bc6 Nf5 51. Be8 f6 52. Bc6 Nd4 0-1

[Event "London Classic Open 2016"]
[Site "London ENG"]
[Date "2016.12.15"]
[Round "8.97"]
[White "Thode, Gilda"]
[Black "Bhavik Ahuja"]
[Result "1-0"]
[WhiteElo "1943"]
[BlackElo "1344"]
[WhiteFideId "1323628"]
[BlackFideId "46647392"]
[EventDate "2016.12.09"]

1. d4 e6 2. Nf3 d5 3. c3 h6 4. Bf4 Nf6 5. e3 c5 6. Nbd2 Nc6 7. Bd3 Bd6 8. Bg3
O-O 9. O-O Re8 10. Ne5 Qc7 11. f4 Nd7 12. Bh4 Be7 13. Qh5 Ndxe5 14. fxe5 Bxh4
15. Qxh4 c4 16. Bc2 Ne7 17. g4 Ng6 18. Qh5 Kh7 19. Rxf7 Qxf7 20. Rf1 Qg8 21.
Bxg6+ Kh8 22. Bxe8 b6 23. g5 1-0

[Event "London Classic Open 2016"]
[Site "London ENG"]
[Date "2016.12.15"]
[Round "8.98"]
[White "Ignatovic, Ernest"]
[Black "Cannon, Raymond C"]
[Result "0-1"]
[WhiteElo "1630"]
[BlackElo "1942"]
[WhiteFideId "12806986"]
[BlackFideId "408018"]
[EventDate "2016.12.09"]

1. d4 Nf6 2. g3 c5 3. d5 e6 4. c4 exd5 5. cxd5 d6 6. Bg2 g6 7. Nf3 Bg7 8. O-O
O-O 9. Nc3 a6 10. a4 Re8 11. Nd2 Nbd7 12. f4 Ng4 13. Nde4 Bd4+ 14. Kh1 Ndf6 15.
h3 Nxe4 16. Nxe4 Ne3 17. Bxe3 Bxe3 18. Kh2 Bd4 19. Nc3 Re3 20. Rf3 Qe7 21. Ra3
Bd7 22. Rxe3 Bxe3 23. Qb3 Rb8 24. Ne4 Bd4 25. Qb6 Bf5 26. Qxd6 Qe8 27. Re3 Kg7
28. Ra3 Bxe4 29. Bxe4 Qxe4 30. h4 Qxe2+ 31. Kh3 Qf1+ 32. Kg4 f5+ 33. Kg5 h6# 0-1

[Event "London Classic Open 2016"]
[Site "London ENG"]
[Date "2016.12.15"]
[Round "8.99"]
[White "Rushbrooke, Tibo"]
[Black "Burke, John S"]
[Result "1-0"]
[WhiteElo "1502"]
[BlackElo "2055"]
[WhiteFideId "433900"]
[BlackFideId "404322"]
[EventDate "2016.12.09"]

1. e4 d6 2. Nc3 g6 3. f4 Bg7 4. Nf3 Nf6 5. Bc4 O-O 6. O-O c6 7. e5 Nd5 8. d4
Nxc3 9. bxc3 d5 10. Bd3 e6 11. Qe1 b6 12. g4 f5 13. Qg3 Ba6 14. Ba3 Bxd3 15.
cxd3 Re8 16. h4 fxg4 17. Qxg4 Qd7 18. Ng5 h6 19. h5 hxg5 20. fxg5 Na6 21. hxg6
c5 22. Qh5 1-0

[Event "London Classic Open 2016"]
[Site "London ENG"]
[Date "2016.12.15"]
[Round "8.100"]
[White "Mulay, Partha"]
[Black "Jennings, Richard"]
[Result "1-0"]
[WhiteElo "1767"]
[BlackElo "1879"]
[WhiteFideId "436038"]
[BlackFideId "2404435"]
[EventDate "2016.12.09"]

1. e4 d6 2. d4 Nf6 3. Nc3 Nbd7 4. Nf3 e5 5. Bc4 Be7 6. O-O c6 7. a4 Qc7 8. h3 h6
9. Be3 Nf8 10. Qd2 g5 11. Nh2 Ng6 12. Ng4 Nxg4 13. hxg4 Qd7 14. f3 h5 15. gxh5
Nf4 16. Qf2 Rxh5 17. dxe5 dxe5 18. Rad1 Qc7 19. Qg3 g4 20. fxg4 Rh4 21. Bxf7+
Kxf7 22. Bxf4 Kg6 23. Bxe5 Bc5+ 24. Rf2 Bxf2+ 25. Kxf2 Qf7+ 26. Ke3 Rxg4 27.
Rd6+ Kg5 28. Qh2 Be6 29. Ne2 Re8 30. Nd4 Qg6 31. Nf3# 1-0

[Event "London Classic Open 2016"]
[Site "London ENG"]
[Date "2016.12.15"]
[Round "8.101"]
[White "Rogacewicz, Mikolaj"]
[Black "Ratnesan, Ranesh"]
[Result "1-0"]
[WhiteElo "1765"]
[BlackElo "1875"]
[WhiteFideId "21842981"]
[BlackFideId "439339"]
[EventDate "2016.12.09"]

1. d4 Nf6 2. c4 g6 3. Nc3 Bg7 4. e4 d6 5. f3 c6 6. Be3 a6 7. Qd2 b5 8. a3 Nbd7
9. Bd3 O-O 10. Nge2 e5 11. Bh6 Qb6 12. d5 Nc5 13. Be3 Qc7 14. Qc2 cxd5 15. Nxd5
Nxd5 16. cxd5 Nxd3+ 17. Qxd3 f5 18. O-O Qe7 19. Rfc1 fxe4 20. fxe4 Bd7 21. Rc7
Rf7 22. Rac1 Raf8 23. Ra7 Qf6 24. Ng3 h5 25. Rf1 Qe7 26. Rxf7 Qxf7 27. Rxa6 h4
28. Nh1 h3 29. Rxd6 hxg2 30. Nf2 Bc8 31. Qxb5 Qf3 32. Qd3 Kh7 33. Bc5 Qf4 34.
Qe3 Qh4 35. Qg3 Qh6 36. Be3 Qh5 37. Qg5 Rf7 38. Qxh5+ gxh5 39. Kxg2 Bf8 40. Rb6
h4 41. Kf1 Bh3+ 42. Ke2 Bg2 43. a4 Rc7 44. a5 h3 45. a6 Ra7 46. Rh6+ Bxh6 47.
Bxa7 Bf8 48. Be3 1-0

[Event "London Classic Open 2016"]
[Site "London ENG"]
[Date "2016.12.15"]
[Round "8.102"]
[White "Johnson, Paul A"]
[Black "Chilton, James I"]
[Result "1-0"]
[WhiteElo "1866"]
[BlackElo "1740"]
[WhiteFideId "415677"]
[BlackFideId "423009"]
[EventDate "2016.12.09"]

1. d4 Nf6 2. Nf3 e6 3. e3 c5 4. Bd3 d5 5. b3 Nc6 6. O-O Bd6 7. Bb2 O-O 8. Nbd2
b6 9. a3 Bb7 10. Ne5 Qc7 11. f4 Ne7 12. g4 Nd7 13. Nxd7 Qxd7 14. f5 exf5 15.
gxf5 f6 16. Qh5 Rf7 17. Rf2 cxd4 18. exd4 Nc6 19. Re1 Re7 20. Rfe2 Rae8 21. Re6
Nd8 22. Rf1 Nxe6 23. fxe6 Qxe6 24. Bxh7+ Kf8 25. Bg6 Qe3+ 26. Kh1 Kg8 27. Qh7+
Kf8 28. Qh8# 1-0

[Event "London Classic Open 2016"]
[Site "London ENG"]
[Date "2016.12.15"]
[Round "8.103"]
[White "Cotter, Len"]
[Black "Fernandez Aransay, Fernando"]
[Result "0-1"]
[WhiteElo "1758"]
[BlackElo "1862"]
[WhiteFideId "431419"]
[BlackFideId "2216280"]
[EventDate "2016.12.09"]

1. e4 c5 2. Nf3 d6 3. d4 cxd4 4. Nxd4 Nf6 5. Nc3 g6 6. Be3 Bg7 7. f3 O-O 8. Qd2
Nc6 9. O-O-O d5 10. exd5 Nxd5 11. Nxc6 bxc6 12. Bd4 e5 13. Bc5 Be6 14. Kb1 Nxc3+
15. Qxc3 Qxd1# 0-1